Star Wars Character Quiz - Statistics

General Stats
  • This quiz has been taken 28 times
  • The average score is 10 of 15
Answer Stats
Hint Answer % Correct
Are Yoda And Yaddle Related? No
100%
Who Kills Qui Gon Jinn? Darth Maul
96%
Which Baby Did Padme Give Birth To First? Luke
96%
How Many Sith Can There Be At A Time? 2
84%
How Old Is Yoda When He Died? 900
76%
Who Does Sidious Give Order 66 To First? Commander Cody
76%
What Planet Are The Wookies From? Kashyyyk
76%
What Is Jocasta Nu's Occupation At The Jedi Temple? Librarian
76%
Who Owned Anakin As A Kid? Watto
76%
Who Is Jabba The Hutt's Right Hand Man? Bib Fortuna
64%
What Is Emperor Palpatine's First Name? Sheev
64%
Who Is The Ruler Of Otoh Gunga? Boss Nass
48%
What Species Is Ahsoka Tano? Togruta
48%
What Species Is Kit Fisto? Nautolan
28%
What Form Of Lightsaber Combat Does Obi-Wan Use? Soresu
28%
No matching quizzes found
Score Distribution
Percent of People with Each Score
Percentile by Number Answered
Your Score History
You have not taken this quiz